| 000 | 00745nam a2200253Ia 4500 | ||
|---|---|---|---|
| 005 | 20251020182514.0 | ||
| 008 | 200515s9999 xx 000 0 und d | ||
| 020 | _a958-9042-43-0 | ||
| 082 | _a658.15/J15 | ||
| 100 | _aJagoe, A.L. | ||
| 245 | 0 | _aEmpresas triunfadoras : Prácticas gerenciales efectivas | |
| 260 | _aWashington | ||
| 260 | _bLegis Fondo Editorial | ||
| 260 | _c1988 | ||
| 300 | _a234 p. | ||
| 500 | _a1 ejemplar | ||
| 520 | _aMétodos empresariales garantizados y probados que le ayudarán para que tanto Ud. como su empresa triunfen, al tiempo que aumentan sus ganancias | ||
| 650 | _aADMINISTRACION DE EMPRESAS | ||
| 650 | _aEMPRESAS | ||
| 650 | _aGERENCIA | ||
| 650 | _aLIB | ||
| 942 | _cLIB | ||
| 999 |
_c1519 _d1519 |
||